[Event "DEM U12w 2017"]
[Site "Willingen GER"]
[Date "2017.06.07"]
[Round "7"]
[White "Nguyen, Phuong Thao Vivien"]
[Black "Reichelt, Lena"]
[Result "0-1"]
[Termination "normal"]
[Board "5"]
[WhiteElo "1540"]
[BlackElo "1467"]
[WhiteClock "00:24:06"]
[BlackClock "00:09:40"]
[PlyCount "96"]
[WhiteFideId "16210735"]
[BlackFideId "12981184"]
[EventCountry "GER"]
[EventRounds "11"]
[EventType "swiss"]
[EventDate "2017.06.03"]

1. e4 {[%clk 1:15:58]} 1... e6 {[%clk 1:15:53]} 2. d3 {[%clk 1:16:20]} 2... d5
{[%clk 1:16:07]} 3. Nd2 {[%clk 1:16:37]} 3... c5 {[%clk 1:15:50]} 4. Ngf3 {
[%clk 1:16:48]} 4... Nc6 {[%clk 1:15:10]} 5. g3 {[%clk 1:16:56]} 5... Bd6 {
[%clk 1:14:24]} 6. Bg2 {[%clk 1:16:50]} 6... Nge7 {[%clk 1:13:09]} 7. O-O {
[%clk 1:16:45]} 7... O-O {[%clk 1:13:03]} 8. Nh4 {[%clk 1:16:52]} 8... b6 {
[%clk 1:09:06]} 9. f4 {[%clk 1:15:52]} 9... dxe4 {[%clk 1:07:02]} 10. dxe4 {
[%clk 1:15:17]} 10... Ba6 {[%clk 1:05:56]} 11. Re1 {[%clk 1:14:40]} 11... Bc7 {
[%clk 1:03:04]} 12. c3 {[%clk 1:12:29]} 12... Qd7 {[%clk 0:55:24]} 13. Qh5 {
[%clk 1:09:17]} 13... Rad8 {[%clk 0:45:50]} 14. Nf1 {[%clk 1:04:37]} 14... Ng6
{[%clk 0:42:44]} 15. Ne3 {[%clk 1:02:25]} 15... Nce7 {[%clk 0:36:23]} 16. Nxg6
{[%clk 0:57:33]} 16... fxg6 {[%clk 0:36:05]} 17. Qf3 {[%clk 0:57:22]} 17... e5
{[%clk 0:35:27]} 18. Nc2 {[%clk 0:38:49]} 18... Nc6 {[%clk 0:29:26]} 19. f5 {
[%clk 0:36:35]} 19... Ne7 {[%clk 0:24:55]} 20. g4 {[%clk 0:34:46]} 20... gxf5 {
[%clk 0:22:59]} 21. gxf5 {[%clk 0:34:48]} 21... Ng6 {[%clk 0:22:11]} 22. Bg5 {
[%clk 0:33:13]} 22... Rde8 {[%clk 0:18:08]} 23. Rad1 {[%clk 0:32:41]} 23... Qc6
{[%clk 0:15:36]} 24. Qg3 {[%clk 0:29:33]} 24... Nf4 {[%clk 0:13:39]} 25. Bxf4 {
[%clk 0:28:50]} 25... exf4 {[%clk 0:13:22]} 26. Qf2 {[%clk 0:28:10]} 26... Qf6
{[%clk 0:12:31]} 27. Rd2 {[%clk 0:25:47]} 27... Re7 {[%clk 0:11:07]} 28. Bf3 {
[%clk 0:22:10]} 28... Qg5+ {[%clk 0:10:39]} 29. Qg2 {[%clk 0:22:19]} 29...
Qxg2+ {[%clk 0:10:51]} 30. Kxg2 {[%clk 0:21:49]} 30... Rfe8 {[%clk 0:10:23]}
31. b3 {[%clk 0:20:53]} 31... Bb7 {[%clk 0:09:41]} 32. Rde2 {[%clk 0:20:25]}
32... Be5 {[%clk 0:09:34]} 33. c4 {[%clk 0:16:31]} 33... Bc3 {[%clk 0:09:57]}
34. Rd1 {[%clk 0:16:45]} 34... Bxe4 {[%clk 0:09:59]} 35. Bxe4 {[%clk 0:16:53]}
35... Rxe4 {[%clk 0:10:22]} 36. Rxe4 {[%clk 0:17:08]} 36... Rxe4 { [%clk
0:10:44]} 37. Kf3 {[%clk 0:16:42]} 37... Re7 {[%clk 0:09:44]} 38. h3 { [%clk
0:15:32]} 38... Be5 {[%clk 0:08:31]} 39. Re1 {[%clk 0:15:13]} 39... Kf7 { [%clk
0:08:31]} 40. Kg4 {[%clk 0:14:13]} 40... Kf6 {[%clk 0:06:52]} 41. Re2 { [%clk
0:12:16]} 41... Re8 {[%clk 0:04:23]} 42. h4 {[%clk 0:11:07]} 42... h5+ { [%clk
0:04:07]} 43. Kf3 {[%clk 0:10:53]} 43... Kxf5 {[%clk 0:04:18]} 44. Ne1 { [%clk
0:11:00]} 44... Rd8 {[%clk 0:02:41]} 45. Kf2 {[%clk 0:10:54]} 45... Bf6 { [%clk
0:01:50]} 46. Nf3 {[%clk 0:10:53]} 46... Kg4 {[%clk 0:13:41]} 47. Kg2 { [%clk
0:24:42]} 47... Rd3 {[%clk 0:10:42]} 48. Re1 {[%clk 0:24:06]} 48... Rxf3 {[%clk
0:09:40]} 0-1

[Event "DEM U12w 2017"]
[Site "Willingen GER"]
[Date "2017.06.07"]
[Round "7"]
[White "Bashylina, Luisa"]
[Black "Stowicek, Yara Mathilda"]
[Result "1/2-1/2"]
[Termination "normal"]
[Board "6"]
[WhiteElo "1525"]
[BlackElo "1455"]
[WhiteClock "00:13:06"]
[BlackClock "00:16:21"]
[PlyCount "113"]
[WhiteFideId "12983292"]
[BlackFideId "16203569"]
[EventCountry "GER"]
[EventRounds "11"]
[EventType "swiss"]
[EventDate "2017.06.03"]

1. e4 {[%clk 1:15:58]} 1... e5 {[%clk 1:15:54]} 2. Nf3 {[%clk 1:16:25]} 2...
Nc6 {[%clk 1:16:17]} 3. d4 {[%clk 1:16:49]} 3... exd4 {[%clk 1:16:40]} 4. Nxd4
{[%clk 1:17:16]} 4... Bb4+ {[%clk 1:16:58]} 5. c3 {[%clk 1:17:00]} 5... Bc5 {
[%clk 1:17:11]} 6. Be3 {[%clk 1:17:17]} 6... Bb6 {[%clk 1:17:21]} 7. Bc4 {
[%clk 1:16:15]} 7... Qf6 {[%clk 1:17:03]} 8. O-O {[%clk 1:15:53]} 8... Nge7 {
[%clk 1:16:43]} 9. f4 {[%clk 1:13:52]} 9... Ng6 {[%clk 1:08:15]} 10. Kh1 {
[%clk 1:04:04]} 10... O-O {[%clk 1:05:19]} 11. Na3 {[%clk 1:01:26]} 11... d6 {
[%clk 1:04:10]} 12. Nac2 {[%clk 1:01:01]} 12... Qh4 {[%clk 0:59:06]} 13. Be2 {
[%clk 0:55:59]} 13... f5 {[%clk 0:55:36]} 14. exf5 {[%clk 0:53:25]} 14... Bxf5
{[%clk 0:55:29]} 15. Nxf5 {[%clk 0:52:24]} 15... Rxf5 {[%clk 0:55:43]} 16. Bg4
{[%clk 0:50:18]} 16... Rff8 {[%clk 0:54:58]} 17. g3 {[%clk 0:49:22]} 17... Qf6
{[%clk 0:53:22]} 18. Re1 {[%clk 0:45:45]} 18... Rae8 {[%clk 0:50:59]} 19. Bd7 {
[%clk 0:44:33]} 19... Re7 {[%clk 0:49:22]} 20. Qd5+ {[%clk 0:44:30]} 20... Kh8
{[%clk 0:44:20]} 21. Bxc6 {[%clk 0:44:23]} 21... bxc6 {[%clk 0:42:51]} 22. Qxc6
{[%clk 0:44:20]} 22... Rfe8 {[%clk 0:36:36]} 23. Bxb6 {[%clk 0:41:27]} 23...
axb6 {[%clk 0:35:45]} 24. Rxe7 {[%clk 0:40:02]} 24... Rxe7 {[%clk 0:35:42]} 25.
Qa8+ {[%clk 0:39:19]} 25... Nf8 {[%clk 0:35:04]} 26. Re1 {[%clk 0:36:55]} 26...
Rxe1+ {[%clk 0:35:05]} 27. Nxe1 {[%clk 0:37:20]} 27... Qe7 {[%clk 0:34:42]} 28.
Nd3 {[%clk 0:36:43]} 28... Kg8 {[%clk 0:34:35]} 29. Qd5+ {[%clk 0:36:47]} 29...
Kh8 {[%clk 0:34:36]} 30. Qf3 {[%clk 0:34:31]} 30... Qe6 {[%clk 0:31:28]} 31. b3
{[%clk 0:32:47]} 31... Qf6 {[%clk 0:30:47]} 32. Nb4 {[%clk 0:31:20]} 32... Qe6
{[%clk 0:30:31]} 33. Nc2 {[%clk 0:30:53]} 33... Qc8 {[%clk 0:25:46]} 34. Nd4 {
[%clk 0:23:02]} 34... Qe8 {[%clk 0:25:02]} 35. Qe2 {[%clk 0:22:08]} 35... Qa8+
{[%clk 0:23:48]} 36. Kg1 {[%clk 0:22:11]} 36... Qd8 {[%clk 0:20:19]} 37. Nc6 {
[%clk 0:19:59]} 37... Qd7 {[%clk 0:18:37]} 38. Qe7 {[%clk 0:19:32]} 38... Qxe7
{[%clk 0:16:58]} 39. Nxe7 {[%clk 0:19:56]} 39... Nd7 {[%clk 0:16:39]} 40. Kf2 {
[%clk 0:19:29]} 40... g6 {[%clk 0:16:46]} 41. Ke3 {[%clk 0:19:32]} 41... Kg7 {
[%clk 0:16:58]} 42. Nd5 {[%clk 0:19:54]} 42... c5 {[%clk 0:17:09]} 43. Ke4 {
[%clk 0:17:27]} 43... Kf7 {[%clk 0:17:22]} 44. g4 {[%clk 0:15:27]} 44... Ke6 {
[%clk 0:16:15]} 45. Nc7+ {[%clk 0:15:06]} 45... Ke7 {[%clk 0:15:41]} 46. Nd5+ {
[%clk 0:14:55]} 46... Ke6 {[%clk 0:15:59]} 47. f5+ {[%clk 0:15:08]} 47... gxf5+
{[%clk 0:15:45]} 48. gxf5+ {[%clk 0:15:32]} 48... Kf7 {[%clk 0:15:54]} 49. Kf4
{[%clk 0:15:38]} 49... h6 {[%clk 0:15:51]} 50. a4 {[%clk 0:15:16]} 50... Kg7 {
[%clk 0:16:11]} 51. Kg3 {[%clk 0:13:21]} 51... Kf7 {[%clk 0:16:21]} 52. Kh4 {
[%clk 0:13:30]} 52... Kg7 {[%clk 0:16:22]} 53. Kh5 {[%clk 0:13:46]} 53... Nf6+
{[%clk 0:16:32]} 54. Nxf6 {[%clk 0:13:50]} 54... Kxf6 {[%clk 0:16:57]} 55. Kxh6
{[%clk 0:13:59]} 55... Kxf5 {[%clk 0:17:05]} 56. h4 {[%clk 0:13:56]} 56... d5 {
[%clk 0:16:21]} 57. h5 {[%clk 0:13:06]} 1/2-1/2

[Event "DEM U12w 2017"]
[Site "Willingen GER"]
[Date "2017.06.07"]
[Round "7"]
[White "Liu, Sijia Anna"]
[Black "Werner, Rosalie"]
[Result "1-0"]
[Termination "normal"]
[Board "7"]
[WhiteElo "1529"]
[BlackElo "1397"]
[PlyCount "51"]
[WhiteFideId "12989746"]
[BlackFideId "16223748"]
[EventCountry "GER"]
[EventRounds "11"]
[EventType "swiss"]
[EventDate "2017.06.03"]

1. e4 e6 2. d4 d5 3. Nc3 Nf6 4. Bg5 Be7 5. e5 Nfd7 6. Bxe7 Qxe7 7. Nb5 Qd8 8.
c3 a6 9. Na3 c5 10. f4 Qb6 11. Rb1 Nc6 12. Nf3 O-O 13. Bd3 Kh8 14. Bc2 c4 15.
Ng5 h6 16. Qh5 Ne7 17. O-O Qa5 18. f5 Kg8 19. f6 b5 20. Nh7 Re8 21. Rf3 b4 22.
Rg3 Nxe5 23. Rxg7+ Kh8 24. Qxh6 Ng4 25. Rxg4 e5 26. Nf8# 1-0

[Event "DEM U12w 2017"]
[Site "Willingen GER"]
[Date "2017.06.07"]
[Round "7"]
[White "Adelhardt, Lisa"]
[Black "Kalina, Lena"]
[Result "1/2-1/2"]
[Termination "normal"]
[Board "8"]
[WhiteElo "1324"]
[BlackElo "1454"]
[PlyCount "83"]
[WhiteFideId "16235380"]
[BlackFideId "12988014"]
[EventCountry "GER"]
[EventRounds "11"]
[EventType "swiss"]
[EventDate "2017.06.03"]

1. f4 Nf6 2. Nf3 g6 3. b3 Bg7 4. Bb2 O-O 5. e3 d5 6. Be2 c5 7. O-O Nc6 8. Bb5
Bd7 9. Bxc6 Bxc6 10. d3 Qc7 11. Nbd2 Rfd8 12. Ne5 e6 13. Ndf3 b5 14. a3 Ne8 15.
d4 c4 16. bxc4 dxc4 17. Bc3 a5 18. Qe1 Be4 19. Ng5 Nd6 20. Qh4 h6 21. Nxe4 Nxe4
22. Be1 Rdb8 23. Ng4 h5 24. Ne5 Qd8 25. Nc6 Qxh4 26. Bxh4 Rb6 27. Ne5 Ra7 28.
Rfb1 Nd6 29. Bd8 Rbb7 30. Bh4 Ra6 31. h3 Nf5 32. Bf2 Nd6 33. Be1 Kf8 34. Kf1
Ke8 35. Ke2 Kd8 36. Bxa5+ Rxa5 37. Nc6+ Kc7 38. Nxa5 Ra7 39. Nb3 cxb3 40. cxb3
Ne4 41. Rc1+ Kd7 42. a4 1/2-1/2

[Event "DEM U12w 2017"]
[Site "Willingen GER"]
[Date "2017.06.07"]
[Round "7"]
[White "Evering, Enna"]
[Black "Doll, Rebecca"]
[Result "1-0"]
[Termination "normal"]
[Board "10"]
[WhiteElo "1419"]
[BlackElo "1473"]
[PlyCount "101"]
[WhiteFideId "16218213"]
[BlackFideId "16236890"]
[EventCountry "GER"]
[EventRounds "11"]
[EventType "swiss"]
[EventDate "2017.06.03"]

1. e4 e5 2. Nf3 Nc6 3. d4 exd4 4. Nxd4 Bc5 5. Nb3 Bb6 6. Nc3 Nf6 7. Qe2 O-O 8.
Bg5 h6 9. Bh4 Re8 10. O-O-O d6 11. f3 Be6 12. Nd5 Bxd5 13. Rxd5 Kf8 14. Rd1 a5
15. a4 Qe7 16. Qd2 Ba7 17. Bb5 Bb6 18. Qc3 g5 19. Bg3 Nb4 20. Kb1 c6 21. Bc4
Bc7 22. Nd4 Qd8 23. Nf5 Na6 24. Nxd6 Qe7 25. Nxe8 Rxe8 26. Bxc7 Nxc7 27. Rhe1
b6 28. e5 Nd7 29. e6 fxe6 30. Qh8+ Kf7 31. Qh7+ Kf8 32. Qxh6+ Kf7 33. Qh7+ Kf8
34. Qxe7+ Rxe7 35. Rd2 Nc5 36. b3 b5 37. axb5 cxb5 38. Bf1 a4 39. Re5 Nd7 40.
Rxg5 axb3 41. cxb3 b4 42. Rd4 Nd5 43. h4 N7f6 44. h5 Rh7 45. Bc4 Nc3+ 46. Kc2
Ke7 47. Rh4 Nd7 48. h6 Kf6 49. Rgh5 Nf8 50. Bd3 Rh8 51. h7 1-0

[Event "DEM U12w 2017"]
[Site "Willingen GER"]
[Date "2017.06.07"]
[Round "7"]
[White "Derling, Charlotte"]
[Black "Breß, Amy Charlize"]
[Result "1/2-1/2"]
[Termination "normal"]
[Board "11"]
[WhiteElo "1073"]
[BlackElo "1655"]
[PlyCount "121"]
[WhiteFideId "16222237"]
[BlackFideId "16233786"]
[EventCountry "GER"]
[EventRounds "11"]
[EventType "swiss"]
[EventDate "2017.06.03"]

1. e4 c5 2. Nf3 e6 3. d4 cxd4 4. Nxd4 a6 5. e5 Qa5+ 6. Nc3 Qxe5+ 7. Be3 Nf6 8.
Bd3 Bb4 9. Qd2 Qc7 10. Nde2 Nd5 11. O-O Bxc3 12. Nxc3 Nxc3 13. Qxc3 Qxc3 14.
bxc3 d6 15. Rfe1 Nd7 16. Rab1 b5 17. Rbd1 Bb7 18. Be2 Ke7 19. Bg5+ f6 20. Bf4
e5 21. Bc1 Rhd8 22. Ba3 Nc5 23. Bb4 Be4 24. Bd3 Nxd3 25. cxd3 Bd5 26. Rd2 a5
27. Ba3 Rac8 28. c4 bxc4 29. dxc4 Bxc4 30. f4 Ke6 31. Rb2 Rb8 32. Rc2 Rdc8 33.
fxe5 dxe5 34. Rec1 Kd5 35. Rd1+ Ke4 36. Rdc1 Ba6 37. Rc5 Rxc5 38. Rxc5 Rb1+ 39.
Rc1 Rxc1+ 40. Bxc1 h5 41. Kf2 g5 42. h3 f5 43. Bxg5 f4 44. Bd8 a4 45. Bc7 Kd4
46. Kf3 Bb7+ 47. Kf2 Kd5 48. Ke2 Kd4 49. Kf2 Ke4 50. Ke2 Kf5 51. Kf2 e4 52. Ke2
Ba6+ 53. Kf2 e3+ 54. Kf3 e2 55. Ba5 Ke5 56. a3 Bb7+ 57. Kf2 Kd4 58. Kxe2 Bxg2
59. h4 f3+ 60. Kf2 Ke4 61. Bb4 1/2-1/2

[Event "DEM U12w 2017"]
[Site "Willingen GER"]
[Date "2017.06.07"]
[Round "7"]
[White "Erdösi, Anna"]
[Black "Karlinger De la Quintana, Ainhoa"]
[Result "0-1"]
[Termination "normal"]
[Board "14"]
[WhiteElo "1321"]
[BlackElo "1344"]
[PlyCount "110"]
[WhiteFideId "12993883"]
[BlackFideId "16217268"]
[EventCountry "GER"]
[EventRounds "11"]
[EventType "swiss"]
[EventDate "2017.06.03"]

1. e4 e6 2. d4 d5 3. Nd2 Nf6 4. e5 Nfd7 5. Bd3 c5 6. c3 Nc6 7. Ndf3 Qb6 8. Ne2
Be7 9. O-O O-O 10. h3 Rd8 11. Rb1 Qc7 12. Be3 h6 13. Bc2 b6 14. Qd3 Nf8 15. b3
cxd4 16. cxd4 Nb4 17. Qd2 Qxc2 18. Qxc2 Nxc2 19. Bd2 Ba6 20. Rfc1 Bxe2 21. Rxc2
Bd3 22. Rbc1 Bxc2 23. Rxc2 Rac8 24. Rb2 Ba3 25. Rb1 Rc2 26. Ra1 Bb2 27. Rb1
Bxd4 28. Nxd4 Rxd2 29. Nc6 Rd7 30. a4 d4 31. Kf1 d3 32. Ke1 Rc2 33. Nb4 d2+ 34.
Kd1 Rc5 35. Nc2 Ng6 36. Ne3 Rxe5 37. Rb2 Kf8 38. Rxd2 Rxd2+ 39. Kxd2 Ke8 40.
Kc3 Kd7 41. Kc4 Kc6 42. b4 Re4+ 43. Kc3 Ne5 44. g3 a5 45. b5+ Kc5 46. Kb3 Rb4+
47. Kc3 Rxa4 48. Nd1 Kxb5 49. Kb3 Rd4 50. Nc3+ Kc6 51. Ne2 Rd2 52. Nc3 Rxf2 53.
Ne4 Rf3+ 54. Ka4 Nc4 55. g4 b5# 0-1

[Event "DEM U12w 2017"]
[Site "Willingen GER"]
[Date "2017.06.07"]
[Round "7"]
[White "Jünk, Ellen"]
[Black "Zixin, Li"]
[Result "0-1"]
[Termination "normal"]
[Board "15"]
[WhiteElo "1446"]
[BlackElo "1094"]
[PlyCount "92"]
[WhiteFideId "16206487"]
[BlackFideId "16244770"]
[EventCountry "GER"]
[EventRounds "11"]
[EventType "swiss"]
[EventDate "2017.06.03"]

1. e4 e5 2. Nf3 Nc6 3. d4 exd4 4. Nxd4 Bc5 5. Nb3 Bb6 6. Nc3 a6 7. Bc4 Qf6 8.
f3 Nge7 9. Bd2 Ne5 10. Qe2 Ba7 11. O-O-O b5 12. Bd3 Nxd3+ 13. Qxd3 O-O 14. h3
c5 15. Qe2 c4 16. Na1 Bb7 17. a3 d5 18. e5 Qe6 19. f4 d4 20. Ne4 Bxe4 21. Qxe4
Bb6 22. g4 f5 23. Qf3 a5 24. Kb1 Nc6 25. Qg2 b4 26. a4 c3 27. Bc1 cxb2 28. Bxb2
fxg4 29. hxg4 Rxf4 30. Qh2 Rxg4 31. Qxh7+ Kf7 32. Qh5+ Qg6 33. Rdf1+ Ke6 34.
Qxg6+ Rxg6 35. Rh5 Ne7 36. Nb3 Rd8 37. Rd1 Nf5 38. Kc1 Rh6 39. Rg5 d3 40. Rg2
Ne3 41. Rxg7 Nxd1 42. Kxd1 dxc2+ 43. Kxc2 Rh2+ 44. Kc1 Rf8 45. Rg6+ Ke7 46. Nd2
Be3 0-1

[Event "DEM U12w 2017"]
[Site "Willingen GER"]
[Date "2017.06.07"]
[Round "7"]
[White "Gossing, Marie-Sophie"]
[Black "Wiemann, Vanessa"]
[Result "0-1"]
[Termination "normal"]
[Board "16"]
[WhiteElo "1033"]
[BlackElo "1305"]
[PlyCount "56"]
[WhiteFideId "16217284"]
[BlackFideId "12942987"]
[EventCountry "GER"]
[EventRounds "11"]
[EventType "swiss"]
[EventDate "2017.06.03"]

1. e4 e5 2. Nf3 Nc6 3. d4 exd4 4. Nxd4 Bb4+ 5. c3 Bc5 6. Be3 Bb6 7. Be2 h6 8.
O-O Nf6 9. Bd3 O-O 10. Re1 Re8 11. Nf5 d6 12. Bxh6 Bxf5 13. exf5 Rxe1+ 14. Qxe1
gxh6 15. Qc1 Qf8 16. Nd2 Re8 17. Nf3 Qg7 18. Bb5 a6 19. Bxc6 bxc6 20. Nd4 c5
21. Nc6 c4 22. h3 Re2 23. Nd4 Re4 24. Nc6 Re8 25. b3 Ne4 26. Nd4 Bxd4 27. cxd4
Qxd4 28. Qf1 cxb3 0-1

[Event "DEM U12w 2017"]
[Site "Willingen GER"]
[Date "2017.06.07"]
[Round "7"]
[White "Petersen, Sophie"]
[Black "Avetyan, Manan"]
[Result "1/2-1/2"]
[Termination "normal"]
[Board "17"]
[WhiteElo "1498"]
[BlackElo "1284"]
[PlyCount "85"]
[WhiteFideId "16229380"]
[BlackFideId "16244737"]
[EventCountry "GER"]
[EventRounds "11"]
[EventType "swiss"]
[EventDate "2017.06.03"]

1. e4 e5 2. Nf3 Nc6 3. d4 exd4 4. Bc4 h6 5. Nxd4 Bc5 6. Be3 Qf6 7. c3 d6 8. O-O
Nge7 9. Na3 a6 10. Nac2 Qg6 11. f3 Bh3 12. Qe2 O-O 13. Kh1 Be6 14. Bb3 Rae8 15.
Rad1 Bxb3 16. axb3 Bxd4 17. Nxd4 Nxd4 18. cxd4 c6 19. Bf4 d5 20. e5 Ra8 21. Bd2
Rfc8 22. Bb4 Nf5 23. f4 a5 24. Bc5 b5 25. b4 h5 26. g3 h4 27. Qf3 hxg3 28. hxg3
Nxg3+ 29. Kg2 Nxf1+ 30. Kxf1 Qc2 31. Ke1 a4 32. Qa3 f6 33. e6 g5 34. f5 g4 35.
Qg3 Qxf5 36. Qd6 Qe4+ 37. Kf1 f5 38. e7 Qf3+ 39. Ke1 g3 40. Qg6+ Kh8 41. Qh6+
Kg8 42. Qg6+ Kh8 43. Qh6+ 1/2-1/2

[Event "DEM U12w 2017"]
[Site "Willingen GER"]
[Date "2017.06.07"]
[Round "7"]
[White "Pflugradt, Natalie"]
[Black "Gehrke, Gina Celina"]
[Result "0-1"]
[Termination "normal"]
[Board "18"]
[WhiteElo "1485"]
[BlackElo "1435"]
[PlyCount "70"]
[WhiteFideId "16212444"]
[BlackFideId "16205979"]
[EventCountry "GER"]
[EventRounds "11"]
[EventType "swiss"]
[EventDate "2017.06.03"]

1. e4 c5 2. Nc3 Nc6 3. f4 e6 4. Nf3 Nf6 5. Bc4 d5 6. exd5 Nxd5 7. Nxd5 exd5 8.
Be2 Be7 9. O-O O-O 10. Qe1 Qb6 11. Qg3 Bf6 12. c3 Be6 13. Kh1 Rae8 14. Bd3 Qc7
15. Bc2 Qd7 16. Nh4 Bxh4 17. Bxh7+ Kxh7 18. Qxh4+ Kg8 19. b3 Qe7 20. Qg3 Qf6
21. Ba3 b6 22. Rad1 Ne7 23. Qf2 d4 24. c4 a5 25. Bb2 Bf5 26. Rc1 Nc6 27. a3 Re7
28. Rfe1 Rfe8 29. Kg1 Re6 30. Rxe6 Qxe6 31. Ba1 Qe2 32. Bb2 Bd3 33. g3 Qxf2+
34. Kxf2 Re2+ 35. Kg1 Kf8 0-1

[Event "DEM U12w 2017"]
[Site "Willingen GER"]
[Date "2017.06.07"]
[Round "7"]
[White "Yakovleva, Lara"]
[Black "Fayngold, Sophie"]
[Result "0-1"]
[Termination "normal"]
[Board "19"]
[WhiteElo "944"]
[BlackElo "1139"]
[PlyCount "34"]
[WhiteFideId "16244788"]
[EventCountry "GER"]
[EventRounds "11"]
[EventType "swiss"]
[EventDate "2017.06.03"]

1. e4 e5 2. Nf3 Nc6 3. d4 exd4 4. Nxd4 Qh4 5. Bd3 Nxd4 6. Be3 Nc6 7. O-O Nf6 8.
g3 Qh3 9. Nc3 Ng4 10. Re1 Nxh2 11. Bc4 Ne5 12. Be2 d6 13. f3 Qxg3+ 14. Kh1
Nhxf3 15. Bxf3 Nxf3 16. Re2 Qh3+ 17. Rh2 Qxh2# 0-1

[Event "DEM U12w 2017"]
[Site "Willingen GER"]
[Date "2017.06.08"]
[Round "8"]
[White "Ziegenfuß, Antonia"]
[Black "Orlova, Alicia"]
[Result "1-0"]
[Termination "normal"]
[Board "2"]
[WhiteElo "1911"]
[BlackElo "1452"]
[WhiteClock "00:06:08"]
[BlackClock "00:14:49"]
[PlyCount "61"]
[WhiteFideId "12962554"]
[BlackFideId "34154563"]
[EventCountry "GER"]
[EventRounds "11"]
[EventType "swiss"]
[EventDate "2017.06.03"]

1. d4 {[%clk 1:15:58]} 1... d5 {[%clk 1:15:54]} 2. c4 {[%clk 1:16:21]} 2... e6
{[%clk 1:16:14]} 3. Nc3 {[%clk 1:16:45]} 3... Nf6 {[%clk 1:16:30]} 4. cxd5 {
[%clk 1:17:04]} 4... exd5 {[%clk 1:16:47]} 5. Bg5 {[%clk 1:17:16]} 5... Be7 {
[%clk 1:16:58]} 6. e3 {[%clk 1:17:13]} 6... c6 {[%clk 1:17:00]} 7. Qc2 { [%clk
1:17:20]} 7... Nbd7 {[%clk 1:16:45]} 8. Bd3 {[%clk 1:17:33]} 8... O-O { [%clk
1:16:44]} 9. Nge2 {[%clk 1:17:46]} 9... Re8 {[%clk 1:16:28]} 10. h3 { [%clk
1:17:06]} 10... b6 {[%clk 1:13:43]} 11. O-O-O {[%clk 1:09:16]} 11... Bb7 {[%clk
1:09:18]} 12. g4 {[%clk 1:07:03]} 12... c5 {[%clk 1:06:44]} 13. Ng3 { [%clk
0:53:43]} 13... a6 {[%clk 0:57:24]} 14. Kb1 {[%clk 0:49:39]} 14... Nb8 { [%clk
0:51:40]} 15. Bxf6 {[%clk 0:42:28]} 15... Bxf6 16. Bxh7+ 16... Kf8 { [%clk
0:49:21]} 17. dxc5 {[%clk 0:33:01]} 17... d4 {[%clk 0:48:06]} 18. exd4 { [%clk
0:32:33]} 18... Bxh1 {[%clk 0:47:56]} 19. Nxh1 {[%clk 0:32:00]} 19... bxc5
{[%clk 0:45:39]} 20. dxc5 {[%clk 0:31:19]} 20... Qa5 {[%clk 0:43:49]} 21. Be4
{[%clk 0:26:19]} 21... Ra7 {[%clk 0:42:34]} 22. Nd5 {[%clk 0:25:40]} 22... Nd7
{[%clk 0:38:08]} 23. c6 {[%clk 0:21:54]} 23... Rc8 {[%clk 0:34:42]} 24. Bf5
{[%clk 0:19:38]} 24... Be5 {[%clk 0:26:25]} 25. f4 {[%clk 0:13:13]} 25... Bd6 {
[%clk 0:23:42]} 26. Nf6 {[%clk 0:12:05]} 26... Nxf6 {[%clk 0:20:33]} 27. Bxc8 {
[%clk 0:11:12]} 27... Rc7 {[%clk 0:17:28]} 28. Bxa6 {[%clk 0:09:34]} 28... Qxa6
{[%clk 0:16:00]} 29. Rxd6 {[%clk 0:09:39]} 29... Ne8 {[%clk 0:15:15]} 30. Qc5 {
[%clk 0:05:46]} 30... Qf1+ {[%clk 0:14:49]} 31. Rd1+ {[%clk 0:06:08]} 1-0

[Event "DEM U12w 2017"]
[Site "Willingen GER"]
[Date "2017.06.08"]
[Round "8"]
[White "Reichelt, Lena"]
[Black "Dietz, Kristin"]
[Result "0-1"]
[Termination "normal"]
[Board "3"]
[WhiteElo "1467"]
[BlackElo "1733"]
[WhiteClock "00:01:34"]
[BlackClock "00:20:34"]
[PlyCount "76"]
[WhiteFideId "12981184"]
[BlackFideId "12993743"]
[EventCountry "GER"]
[EventRounds "11"]
[EventType "swiss"]
[EventDate "2017.06.03"]

1. d4 {[%clk 1:15:58]} 1... Nf6 {[%clk 1:15:53]} 2. c4 {[%clk 1:16:15]} 2... c5
{[%clk 1:16:16]} 3. d5 {[%clk 1:16:22]} 3... b5 {[%clk 1:16:36]} 4. cxb5 {
[%clk 1:16:25]} 4... a6 {[%clk 1:16:50]} 5. bxa6 {[%clk 1:16:32]} 5... Bxa6 {
[%clk 1:17:05]} 6. Nc3 {[%clk 1:16:05]} 6... g6 {[%clk 1:17:23]} 7. e4 { [%clk
1:15:53]} 7... Bxf1 {[%clk 1:17:40]} 8. Kxf1 {[%clk 1:16:16]} 8... d6 { [%clk
1:17:57]} 9. Nf3 {[%clk 1:15:31]} 9... Bg7 {[%clk 1:18:04]} 10. g3 { [%clk
1:15:20]} 10... O-O {[%clk 1:18:23]} 11. Kg2 {[%clk 1:14:48]} 11... Nbd7 {[%clk
1:18:16]} 12. a4 {[%clk 1:14:25]} 12... Ng4 {[%clk 1:18:09]} 13. Bd2 { [%clk
0:47:17]} 13... Qb6 {[%clk 1:17:44]} 14. h3 {[%clk 0:45:46]} 14... Nge5 { [%clk
1:16:24]} 15. Qc2 {[%clk 0:41:33]} 15... c4 {[%clk 1:14:57]} 16. Nxe5 { [%clk
0:35:50]} 16... Nxe5 {[%clk 1:14:48]} 17. Nb5 {[%clk 0:34:52]} 17... Nd3 {[%clk
1:01:38]} 18. Be3 {[%clk 0:34:07]} 18... Qb7 {[%clk 1:01:54]} 19. Rhb1 { [%clk
0:22:44]} 19... Rfc8 {[%clk 0:51:16]} 20. Ra3 {[%clk 0:18:48]} 20... Nc5 {[%clk
0:47:39]} 21. Bd4 {[%clk 0:15:28]} 21... Qd7 {[%clk 0:39:39]} 22. Bxc5 { [%clk
0:10:18]} 22... Rxc5 {[%clk 0:37:36]} 23. f4 {[%clk 0:09:02]} 23... e6 { [%clk
0:36:16]} 24. dxe6 {[%clk 0:08:22]} 24... fxe6 {[%clk 0:35:21]} 25. Rd1 { [%clk
0:07:52]} 25... d5 {[%clk 0:34:23]} 26. exd5 {[%clk 0:05:07]} 26... exd5 {[%clk
0:33:24]} 27. Nc3 {[%clk 0:03:12]} 27... d4 {[%clk 0:32:30]} 28. Nb5 { [%clk
0:03:09]} 28... d3 {[%clk 0:31:12]} 29. Qd2 {[%clk 0:03:22]} 29... Qd5+ { [%clk
0:30:52]} 30. Kh2 {[%clk 0:02:54]} 30... Qf3 {[%clk 0:28:54]} 31. Re1 { [%clk
0:02:47]} 31... Rcc8 {[%clk 0:29:01]} 32. Nd6 {[%clk 0:01:57]} 32... Rd8 {[%clk
0:28:34]} 33. Nxc4 {[%clk 0:02:19]} 33... Rac8 {[%clk 0:25:19]} 34. Ne3 {[%clk
0:02:32]} 34... Qe4 {[%clk 0:21:12]} 35. Rd1 Rb8 36. b3 {[%clk 0:01:43]} 36...
Re8 {[%clk 0:21:24]} 37. Re1 {[%clk 0:01:21]} 37... Rbc8 {[%clk 0:21:05]} 38.
Ra2 {[%clk 0:01:34]} 38... Bc3 {[%clk 0:20:34]} 0-1